01688nam a2200373 i 4500001001000000003000900010005001700019007000300036008004100039020001500080040003000095041000800125082001900133100006100152245008700213264010200300300002400402336002700426337003300453338002800486500002900514500006300543504003900606590006000645590002600705650003300731700004500764910003800809942001400847952017200861952013001033952013601163999001501299000002655DO-SdBNP20250808100547.0ta090703s2006 dr r 000 0 spa d a9993468932 aDO-SdBNPbspacBNPHUerda aspa 4a341bC355d2221 aCastro Díaz, Freddy Ángel,d1958-eautor4aut.9837210aDerecho internacional /cFreddy Ángel Castro Díaz ; prólogo, Salvador Ramos. 1aSanto Domingo :bLibrería Jurídica Virtual ;bEdiciones Jurídicas Trajano Potentini,c2006. avolumenes ;c23 cm. atextobtxt2rdacontent asin mediaciónbn2rdamedia avolumenbnc2rdacarrier aLa biblioteca posee v. 1 aIncluye datos biográficos del autor en la contracubierta aBibliografía : páginas 649-661 aLa biblioteca posee 3 libros autografiados por el autor aInventariado, 2018/BT 4aDerecho internacional 932581 aRamos, Salvador,eprologuista4pr.98373 aValidado. Control de calidad. MFF 2ddccLBS1 00102ddc56708DSaBNPHUbBNPHUcCTd2009-07-03eDonado por Maribel Sánchezl0oBNPHU DS 341 C355dp2655-30r2020-06-25te. 3w2020-06-25yLBS1ZPréstamo en sala 00102ddc51708PDaBNPHUbBNPHUcCTd2009-07-03l0oBNPHU PD 341 C355dp2655-10r2020-06-25w2020-06-25yLBS1ZNo se presta 00102ddc51708PDaBNPHUbBNPHUcMId2009-07-03l0oBNPHU PD 341 C355dp2655-20r2020-06-25te. 2w2020-06-25yLBS1ZNo se presta c2491d2491